Responsabilidad social corporativa un enfoque centrado en el consumidor /

Bibliographic Details
Main Author: Castro-Gonzl̀ez, Sandra
Other Authors: Bande Vilela, Belň
Format: eBook
Language:Spanish
Published: Madrid: Dykinson, 2021
Subjects:
Online Access:Acceso restringido

MARC

LEADER 00000nam a22000007a 4500
005 20220620161453.0
007 cr|||| ||||
008 220620s2021 es |||||s|||| 00||0 spa d
020 |a 978-84-1377-796-2 
035 |a 36103 
040 |a vLex 
090 |c 13434  |d 13434 
100 1 |a Castro-Gonzl̀ez, Sandra 
245 1 0 |a Responsabilidad social corporativa  |h [Recurso electrn̤ico] :  |b un enfoque centrado en el consumidor /  |c Sandra Castro-Gonzl̀ez, Belň Bande Vilela 
256 |a Servicio en ln̕ea 
260 |a Madrid:  |b Dykinson,  |c 2021 
300 |a 1 recurso electrn̤ico 
500 |a Los consumidores actuales demandan un crecimiento sostenido de las organizaciones, por lo cual, ejercen presin̤ para que las empresas de su entorno y aquellas a las cuales compran sus productos o contratan sus servicios, se comporten de un modo moral y ťicamente correcto y atiendan las demandas de las partes vinculadas a la organizacin̤. Exigen que la labor de las organizaciones transcienda el desarrollo econm̤ico y/o financiero, para atender las demandas sociales, medioambientales y econm̤icas de los distintos grupos de interš. Este tipo de comportamiento posibilitar ̀a la empresa diferenciarse de sus competidores y de esta forma, generar una buena reputacin̤ e imagen corporativa, mejorando la confianza de los consumidores, su satisfaccin̤ e identificacin̤ con ella, lo cual repercutir ̀en un incremento de la lealtad, la intencin̤ de repetir la compra en esa empresa o en unos comportamientos de promocin̤ ms̀ positivos. Esta obra hace un repaso al concepto de Responsabilidad Social Corporativa (RSC) desde su origen hasta la actualidad, para profundizar y centrarse a continuacin̤ en la RSC y el comportamiento del consumidor, poniendo de manifiesto la importancia para los consumidores de las iniciativas socialmente responsables. Se hace una revisin̤ de cm̤o la RSC influye sobre aspectos emocionales, actitudinales y comportamentales del consumidor; centrǹdose en variables de gran relevancia de cara a que la organizacin̤ pueda mantener una relacin̤ a largo plazo con los clientes y que estas relaciones sean ms̀ sl̤idas y ventajosas para ella. La obra finaliza con el contraste de dos modelos empr̕icos originales que evidencian lo argumentado anteriormente, confirmando que la RSC influye positivamente sobre el comportamiento de los consumidores a travš de su impacto sobre elementos como la reputacin̤ corporativa, y aspectos afectivo-emocionales. 
506 1 |a Disponible solo en los productos indicados  |d vLex Global  |d vLex Global (Academic Edition, excluding Law Schools)  |d vLex Global (U.S. Academic Edition, Law Schools)  |d vLex Global (U.S. Academic Edition, excluding Law Schools)  |d vLex Global (Academic Edition, Law Schools) 
650 0 4 |a Derecho Civil  |z Espaą 
700 1 |a Bande Vilela, Belň 
740 0 |a vLex Libros (Servicio en ln̕ea) 
856 4 0 |u https://app.vlex.com/#/sources/36103  |z Acceso restringido 
942 |c BOOK 
999 0 |a Civil Law